Statistics for The 1975 - Undo Lyrics

Click here to take the quiz!

General Stats

  • This quiz has been taken 10 times
  • The average score is 272 of 297

Answer Stats

Answer% Correct
again
100%
and
100%
bed
100%
but
100%
didn't
100%
doing
100%
even
100%
Girl
100%
go
100%
got
100%
head
100%
head"
100%
hear
100%
"I
100%
I
100%
in
100%
it
100%
leave
100%
liked
100%
my
100%
no
100%
not
100%
Now
100%
said
100%
see
100%
so
100%
time
100%
to
100%
Twist
100%
undo
100%
wanna
100%
We're
100%
we're
100%
when
100%
you
100%
You
100%
ain't
67%
another
67%
around
67%
dreaming
67%
have
67%
keep
67%
mine
67%
pill
67%
she
67%
Stick
67%
Sun
67%
the
67%
think
67%
you're
67%
Bombs
33%
Call
33%
could
33%
drowns
33%
giving
33%
her
33%
house
33%
lounge
33%
out
33%
round
33%
run
33%
town
33%

Score Distribution

Percentile by Number Answered

Percent of People with Each Score

Your Score History

You have not taken this quiz